004530000a220010900045001000036000002450102000363000061001387730029001999420008002289520090002369990017003261 aDe Marco, Miguel Angel (1966- )10aThe sing of growing up : Latin churches show their maturity by full involvement in world missions aVol. 77, Num 3 (Julio-Septiembre, 1997), Páginas 12-140 tLatin America Evangelist cANA 001040708HEMaFUSBCbFUSBCd2016-01-26l0o r2016-01-26 00:00:00w2016-01-26yANA c55089d55089